<?xml version="1.0" encoding="UTF-8"?><?xml-stylesheet type="text/xsl" href="static/style.xsl"?><OAI-PMH xmlns="http://www.openarchives.org/OAI/2.0/" xmlns:xsi="http://www.w3.org/2001/XMLSchema-instance" xsi:schemaLocation="http://www.openarchives.org/OAI/2.0/ http://www.openarchives.org/OAI/2.0/OAI-PMH.xsd"><responseDate>2026-06-07T13:53:59Z</responseDate><request verb="GetRecord" identifier="oai:docta.ucm.es:20.500.14352/45259" metadataPrefix="marc">https://docta.ucm.es/rest/oai/request</request><GetRecord><record><header><identifier>oai:docta.ucm.es:20.500.14352/45259</identifier><datestamp>2023-09-07T20:37:06Z</datestamp><setSpec>com_20.500.14352_14</setSpec><setSpec>col_20.500.14352_21</setSpec></header><metadata><record xmlns="http://www.loc.gov/MARC21/slim" xmlns:dcterms="http://purl.org/dc/terms/" xmlns:xsi="http://www.w3.org/2001/XMLSchema-instance" xmlns:doc="http://www.lyncode.com/xoai" xsi:schemaLocation="http://www.loc.gov/MARC21/slim http://www.loc.gov/standards/marcxml/schema/MARC21slim.xsd">
   <leader>00925njm 22002777a 4500</leader>
   <datafield ind2=" " ind1=" " tag="042">
      <subfield code="a">dc</subfield>
   </datafield>
   <datafield ind2=" " ind1=" " tag="720">
      <subfield code="a">Lima Torrado, Jesús</subfield>
      <subfield code="e">author</subfield>
   </datafield>
   <datafield ind2=" " ind1=" " tag="260">
      <subfield code="c">2011</subfield>
   </datafield>
   <datafield ind2=" " ind1=" " tag="520">
      <subfield code="a">El seminario Complutense Permanente «Cine y Derechos Humanos» intenta ser un instrumento de investigación
y educación en derechos humanos mediante la integración simultánea y unitaria de acciones presenciales con diversos instrumentos de las TIC: cine, video, radio, videoconferencias, fotografías, noticias de prensa y varias herramientas del campus virtual, dentro de la plataforma WebCT de la UCM. De esta forma, se pretenden conseguir una serie de objetivos de naturaleza económica, metodológica, técnica e institucional. En última instancia se pretende optimizar el uso de las TIC en razón del mayor alcance y eficacia de la labor docente e investigadora.</subfield>
   </datafield>
   <datafield ind1="8" ind2=" " tag="024">
      <subfield code="a">978-84-694-4095-7</subfield>
   </datafield>
   <datafield ind1="8" ind2=" " tag="024">
      <subfield code="a">https://hdl.handle.net/20.500.14352/45259</subfield>
   </datafield>
   <datafield ind1="8" ind2=" " tag="024">
      <subfield code="a">http://eprints.ucm.es/12960/</subfield>
   </datafield>
   <datafield ind2="0" ind1="0" tag="245">
      <subfield code="a">Una experiencia integradora y sincrónica de educación en derechos humanos en el contexto de la globalización: el Seminario Complutense Internacional «Cine y Derechos Humanos»</subfield>
   </datafield>
</record></metadata></record></GetRecord></OAI-PMH>